Normal view MARC view

Entry Personal Name

Number of records used in: 1

001 - CONTROL NUMBER

  • control field: 1174759

003 - CONTROL NUMBER IDENTIFIER

  • control field: OSt

005 - DATE AND TIME OF LATEST TRANSACTION

  • control field: 20260324124608.0

008 - FIXED-LENGTH DATA ELEMENTS

  • fixed length control field: 260324|| aca||aabn | a|a d

040 ## - CATALOGING SOURCE

  • Original cataloging agency: OSt
  • Transcribing agency: OSt

100 ## - HEADING--PERSONAL NAME

  • Personal name: Gail Holst-Warhaft; Tammo Steenhuis

670 ## - SOURCE DATA FOUND

  • Source citation: Work cat.: (OSt)1769271: Gail Holst-Warhaft; Tammo Steenhuis, Losing Paradise
Copyright @ Delhi University Library System